<?xml version="1.0" encoding="UTF-8"?>
<collection xmlns="http://www.loc.gov/MARC21/slim">
  <record>
    <leader>00000nam  2200000   4500</leader>
    <controlfield tag="001">INLIS000000000012404</controlfield>
    <controlfield tag="005">20220427095051</controlfield>
    <datafield tag="035" ind1="#" ind2="#">
      <subfield code="a">0010-0422000286</subfield>
    </datafield>
    <datafield tag="245" ind1="1" ind2="#">
      <subfield code="a">STANDAR PELAYANAN PEMBAYARAN ( STAR - PELAYARAN ) BADAN PENGELOLA KEUANGAN DAN ASET DAERAH KABUPATEN KUTAI TIMUR /</subfield>
      <subfield code="c">Saidi, SE., MM</subfield>
    </datafield>
    <datafield tag="100" ind1=" " ind2="#">
      <subfield code="a">SAIDI</subfield>
    </datafield>
    <datafield tag="250" ind1="#" ind2="#">
      <subfield code="a">1</subfield>
    </datafield>
    <datafield tag="300" ind1="#" ind2="#">
      <subfield code="a">23 cm; lampiran :</subfield>
      <subfield code="b">ilustrasi ;</subfield>
      <subfield code="c">30 cm</subfield>
    </datafield>
    <datafield tag="260" ind1="#" ind2="#">
      <subfield code="a">Samarinda :</subfield>
      <subfield code="b">Puslatbang KDOD,</subfield>
      <subfield code="c">2021</subfield>
    </datafield>
    <datafield tag="084" ind1="#" ind2="#">
      <subfield code="a">PKP 273 2021</subfield>
    </datafield>
    <datafield tag="650" ind1="#" ind2="4">
      <subfield code="a">Proyek Perubahan</subfield>
    </datafield>
    <datafield tag="650" ind1="#" ind2="4">
      <subfield code="a">Kepemimpinan Pengawas</subfield>
    </datafield>
    <datafield tag="650" ind1="#" ind2="4">
      <subfield code="a">sistem informasi</subfield>
    </datafield>
    <datafield tag="650" ind1="#" ind2="4">
      <subfield code="a">manajemen administrasi</subfield>
    </datafield>
    <datafield tag="650" ind1="#" ind2="4">
      <subfield code="a">kinerja pegawai</subfield>
    </datafield>
    <datafield tag="650" ind1="#" ind2="4">
      <subfield code="a">pedoman SOP</subfield>
    </datafield>
    <datafield tag="650" ind1="#" ind2="4">
      <subfield code="a">peraturan pemerintah</subfield>
    </datafield>
    <datafield tag="520" ind1="#" ind2="#">
      <subfield code="a">Laporan proyek perubahan ini menjelaskan tentang kurang lengkapnya dokumen pada saat pengajuan pembayaran dan tak ada batasan waktu pengajuan Surat Permohonan Pembayaran (SPP) dan Surat Perintah Membayar ((SPM) sehingga memperlambat penerbitan SP2D karena belum ada standar pelayanan pembayaran. Proyek Perubahan Standar Pelayanan Pembayaran (STAR PELAYARAN) adalah peraturan bupati sebagai tolak ukur dan acuan dipergunakan dalam penyelenggaraan pelayanan pembayaran atau proses penerbitan SP2D sebagai kewajiban dan janji dalam rangka pelayanan berkualitas, cepat, mudah, terjangkau, terukur dan transparan.</subfield>
    </datafield>
    <datafield tag="500" ind1="#" ind2="#">
      <subfield code="a">Coach : Veronika Hanna Naibaho&#13;
Penguji : Dr. H. Fitriansyah, ST., MM&#13;
Mentor : Aji Salehudin, S.E., M.E</subfield>
    </datafield>
    <datafield tag="990" ind1="#" ind2="#">
      <subfield code="a">PKP/273/2021</subfield>
    </datafield>
  </record>
</collection>
